| Tag |
First Indicator |
Second Indicator |
Subfields |
| LEADER |
00000cam a2200000I 4500 |
| 001 |
in00001749708 |
| 005 |
20151025060202.0 |
| 008 |
740909s1973 xx 000 0 eng d |
| 035 |
|
|
|a (OCoLC)ocm01001510
|
| 040 |
|
|
|a NAM
|c NAM
|d OCL
|d TXA
|d UtOrBLW
|
| 041 |
1 |
|
|a eng
|h dut
|
| 049 |
|
|
|a TXAM
|
| 090 |
|
|
|a ND653.R4
|b V49713 1973
|
| 100 |
1 |
|
|a Vels Heijn, Annemarie,
|d 1943-
|
| 245 |
1 |
0 |
|a Rembrandt :
|b with 60 color illustrations from the works of the master, his teachers, pupils, friends and contemporaries /
|c Annemarie Vels Heijn ; translated by W. Keith Haughan.
|
| 264 |
|
1 |
|a Ahrbeck :
|b Knorr & Hirth,
|c [1973]
|
| 264 |
|
4 |
|c ©1973
|
| 300 |
|
|
|a 127 pages :
|b color illustrations ;
|c 18 x 18 cm.
|
| 336 |
|
|
|a text
|b txt
|2 rdacontent
|
| 337 |
|
|
|a unmediated
|b n
|2 rdamedia
|
| 338 |
|
|
|a volume
|b nc
|2 rdacarrier
|
| 490 |
1 |
|
|a Little art book
|
| 536 |
|
|
|a From the Library of Harrison T. Meserole, 2002.
|
| 600 |
0 |
0 |
|a Rembrandt Harmenszoon van Rijn,
|d 1606-1669.
|
| 700 |
0 |
|
|a Rembrandt Harmenszoon van Rijn,
|d 1606-1669.
|
| 700 |
1 |
|
|a Haughan, W. Keith.
|
| 830 |
|
0 |
|a Little art book.
|
| 948 |
|
|
|a cataloged
|b h
|c 2003/5/15
|d c
|e rdavis
|f 4:47:42 pm
|
| 994 |
|
|
|a E0
|b TXA
|
| 999 |
|
|
|a MARS
|
| 999 |
f |
f |
|s 610ec370-ce0a-3b5b-a98d-9c89c396d02d
|i 8e69068e-b7c4-3ddf-b515-65276febe297
|t 0
|
| 952 |
f |
f |
|p normal
|a Texas A&M University
|b College Station
|c Sterling C. Evans Library
|d Evans: Library Stacks
|t 0
|e ND653.R4 V49713 1973
|h Library of Congress classification
|i unmediated -- volume
|m A14830230983
|
| 998 |
f |
f |
|a ND653.R4 V49713 1973
|t 0
|l Evans: Library Stacks
|